000 00969nam a2200265 a 4500
003 CO-ViMGA
005 20230915234405.0
008 100226s2008 sp a grb 00010dspa d
020 _a 9789588954240
040 _aCO-ViMGA
_bspa
_cCO-ViMGA
090 _aA YAG1
100 1 _aYagyu, Genichiro,
_d1943-
_97884
245 1 0 _aCostras /
_cpor Genichiro Yagyu ; traducción de Kiyoko Masaoka y Herrín Hidalgo.
260 3 _aBogotá :
_bBabel
300 _a28 p. :
_bil. ;
_c26 cm.
490 _aPlan Nacional de Lectura y Escritura Leer es mi Cuento / Ministerio de Cultura
500 _aDe 2 A 4 Años
650 1 4 _a Literatura Infantil Japonesa
_ySiglo Xx
_97888
650 1 4 _aAnatomía
_v Libros ilustrados para niños.
_97886
650 1 4 _acicatrices
_v Libros ilustrados para niños.
_97887
650 1 4 _aCuerpo humano
_x Libros ilustrados para niños.
_97885
700 1 _aHidalgo, Herrín.
_97890
700 1 _aMasaoka, Kiyoko,
_etr.
_97889
942 _2ddc
_cBK
999 _c7680
_d7680